Paul Claudel e André Gide : carteggio, 1899-1926 /
Sábháilte in:
| Príomhchruthaitheoirí: | , |
|---|---|
| Rannpháirtithe: | , |
| Formáid: | LEABHAR |
| Teanga: | Iodáilis |
| Foilsithe / Cruthaithe: |
Milano :
Garzanti,
1974
|
| Sraith: | Saggi
|
| Ábhair: | |
| Clibeanna: |
Níl clibeanna ann, Bí ar an gcéad duine le clib a chur leis an taifead seo!
|
MARC
| LEADER | 00000nam a22000007i 4500 | ||
|---|---|---|---|
| 001 | IT\ICCU\SBL\0601305 | ||
| 003 | ItRI | ||
| 005 | 20250731173734.0 | ||
| 008 | 910930s1974 it |||||| ||||| |||||c | ||
| 015 | |2 IT |a 7410334 | ||
| 040 | |b ita |c ct | ||
| 041 | 7 | |a ita |2 ISO-639-2 | |
| 082 | |a 928 |2 17 | ||
| 082 | |a 928 |2 18 | ||
| 100 | 1 | |a Claudel, Paul |0 IT\ICCU\CFIV\009975 |4 aut | |
| 240 | 1 | 0 | |a Correspondence, 1899-1926 . |9 Claudel, Paul |
| 245 | 1 | 0 | |a Paul Claudel e André Gide : |b carteggio, 1899-1926 / |c introduzione e note di Robert Mallet. |
| 260 | |a Milano : |b Garzanti, |c 1974 | ||
| 300 | |a 338 p. ; |c 19 cm | ||
| 500 | |a Trad. R. Arienta. | ||
| 650 | 7 | |a Gide, André |x Lettere e carteggi |2 scbi | |
| 650 | 7 | |a Claudel, Paul |x Lettere e carteggi |2 scbi | |
| 700 | 1 | |a Gide, André |0 IT\ICCU\CFIV\013440 |4 aut | |
| 700 | 1 | |a Arienta, Renato |0 IT\ICCU\CFIV\076447 | |
| 700 | 1 | |a Mallet, Robert, |d (1915-2002) |0 IT\ICCU\RAVV\042855 | |
| 830 | 0 | |a Saggi |0 IT\ICCU\RAV\0025970 | |
| 942 | |2 ddc |c BK | ||
| 952 | |0 0 |1 0 |2 ddc |4 0 |6 B_LDV02CLAGICAR11 |7 0 |9 8641 |a MI |b MI |d 1987-09-10 |i 515 |l 0 |o B-LDV02-CLAGI-CAR11 |p CDOM515 |r 2025-07-17 21:50:32 |w 2025-07-17 |x DONO |y BK | ||
| 981 | 1 | |6 z01 |a i |b xxxe | |
| 982 | 1 | |6 z01 |a n | |
| 999 | |c 7187 |d 7187 | ||